=LDR 00000nam 2200000 4500 =001 NUTBA000000000000674 =005 20140327164042.0 =006 =007 =008 =020 ##$$a 979-22-4583-9 =035 ##$$a 0010-031400000000673 =040 ##$$a Ind =082 ##$$a 808.83 =090 ##$$a 808.83$bZub d =100 ##$$a Zulbi, rita la fantaine de clercq =245 ##$$a Disguised$bSang penyamar memorial masa perang$cRita la fontaine de clecq zubli =260 ##$$a Jakarta$bGramedia pustaka$c2009. =300 ##$$a 376 Hlm$c20 cm. =850 ##$$a NBPNMAT =990 ##$$a 21111966 =990 ##$$a 91970/BPAP-NTB/2014